000 00757nam a22002777a 4500
003 CHAP
005 20220329134512.0
008 971013s1979 r 00010 d
010 _a21280
011 _a22252
035 _a26346
040 _cCHAP
082 _a636.9
_bD6
100 0 0 _aDowning, Elisabeth.
_934125
245 _aKeeping rabbits
260 _aLondon :
_bPelham,
_c1979
300 _a144 p.
_b: ilus.
490 _aGarden farming series
590 _aBATCH-UPD
_b10
_c20130110
_lUCH01
_h2110
590 _aCONVERSION
_b10
_c20130109
_lUCH01
_h1313
650 1 4 _aCunicultura.
_930449
830 0 _aGarden farming series
_946831
901 _aBK
942 _cLIBRO
949 _a636.9 D6
_bBC
_cLIBRO
_d33724000106332
_eLIBRO
_h54494
_i26346
_si
999 _c21280
_d21280